Upanishads (Record no. 226212)

MARC details
000 -LEADER
fixed length control field 00671nam a22002417a 4500
005 - DATE AND TIME OF LATEST TRANSACTION
control field 20230104111802.0
008 - FIXED-LENGTH DATA ELEMENTS--GENERAL INFORMATION
fixed length control field 230104b ||||| |||| 00| 0 eng d
040 ## - CATALOGING SOURCE
Transcribing agency AL
041 ## - LANGUAGE CODE
Language code of text/sound track or separate title English
082 ## - DEWEY DECIMAL CLASSIFICATION NUMBER
Edition number 23
Classification number 294.5921
Item number MASU
100 ## - MAIN ENTRY--PERSONAL NAME
Personal name Juan Mascaro
100 ## - MAIN ENTRY--PERSONAL NAME
9 (RLIN) 68359
245 ## - TITLE STATEMENT
Title Upanishads
260 ## - PUBLICATION, DISTRIBUTION, ETC.
Place of publication, distribution, etc. Harmondsworth
Name of publisher, distributor, etc. Penguin Books
Date of publication, distribution, etc. 1979
300 ## - PHYSICAL DESCRIPTION
Extent 143 p.
Other physical details PB
Dimensions 18x11 cm.
650 ## - SUBJECT ADDED ENTRY--TOPICAL TERM
Topical term or geographic name entry element Hinduism
9 (RLIN) 68360
650 ## - SUBJECT ADDED ENTRY--TOPICAL TERM
Topical term or geographic name entry element Mysticism--Hinduism
9 (RLIN) 68361
650 ## - SUBJECT ADDED ENTRY--TOPICAL TERM
Topical term or geographic name entry element Sanskrit literature
9 (RLIN) 68362
650 ## - SUBJECT ADDED ENTRY--TOPICAL TERM
Topical term or geographic name entry element Upanishads
9 (RLIN) 68363
650 ## - SUBJECT ADDED ENTRY--TOPICAL TERM
Topical term or geographic name entry element Hindu philosophy
9 (RLIN) 68364
650 ## - SUBJECT ADDED ENTRY--TOPICAL TERM
Topical term or geographic name entry element Spiritual life--Hinduism
9 (RLIN) 68365
700 ## - ADDED ENTRY--PERSONAL NAME
Personal name MASCARO (Juan)
9 (RLIN) 68366
942 ## - ADDED ENTRY ELEMENTS (KOHA)
Source of classification or shelving scheme Dewey Decimal Classification
Koha item type Donated Books
Holdings
Withdrawn status Lost status Source of classification or shelving scheme Damaged status Not for loan Collection code Home library Current library Date acquired Total Checkouts Full call number Barcode Date last seen Price effective from Koha item type Public note
    Dewey Decimal Classification     Others St Aloysius Library St Aloysius Library 12/10/2014   294.5921 MASU D05550 01/04/2023 01/04/2023 Donated Books Donated by V.T. Rajshekar